Gravesham Borough Council v On Tower UK Limited (Record no. 121952)
[ view plain ]
| 000 -LEADER | |
|---|---|
| fixed length control field | 01009nad a22002055a 4500 |
| 008 - FIXED-LENGTH DATA ELEMENTS--GENERAL INFORMATION | |
| fixed length control field | 240607e20240604xxk f v 000 0 eng d |
| 041 0# - LANGUAGE CODE | |
| Language code of text/sound track or separate title | eng |
| 245 00 - TITLE STATEMENT | |
| Title | Gravesham Borough Council v On Tower UK Limited |
| 260 ## - PUBLICATION, DISTRIBUTION, ETC. | |
| Name of publisher, distributor, etc. | Upper Tribunal (Lands Chamber), |
| Date of publication, distribution, etc. | 4 June 2024 |
| 520 ## - SUMMARY, ETC. | |
| Summary, etc. | In Gravesham Borough Council v On Tower UK Ltd [2024] UKUT 151 (LC), the Upper Tribunal (Lands Chamber) determined that an operator which has exhausted its rights of renewal under the Landlord and Tenant Act 1954 is prevented from making a further application for rights under Part 4 of the 2017 Electronics Communications Code |
| 590 ## - LOCAL NOTE (RLIN) | |
| Local note | KA |
| 650 24 - SUBJECT ADDED ENTRY--TOPICAL TERM | |
| Topical term or geographic name entry element | COMMUNICATIONS ACT 2003 |
| 650 24 - SUBJECT ADDED ENTRY--TOPICAL TERM | |
| Topical term or geographic name entry element | ELECTRONIC COMMUICATIONS CODE |
| 650 24 - SUBJECT ADDED ENTRY--TOPICAL TERM | |
| Topical term or geographic name entry element | GRAVESHAM BOROUGH COUNCIL V ON TOWER UK LIMITED |
| 650 24 - SUBJECT ADDED ENTRY--TOPICAL TERM | |
| Topical term or geographic name entry element | TELECOMMUNICATIONS |
| 651 #4 - SUBJECT ADDED ENTRY--GEOGRAPHIC NAME | |
| Geographic name | United Kingdom |
| 690 ## - LOCAL SUBJECT ADDED ENTRY--TOPICAL TERM (OCLC, RLIN) | |
| Topical term or geographic name as entry element | Land use |
| 9 (RLIN) | 6251 |
| 856 40 - ELECTRONIC LOCATION AND ACCESS | |
| Uniform Resource Identifier | <a href="https://caselaw.nationalarchives.gov.uk/ukut/lc/2024/151">https://caselaw.nationalarchives.gov.uk/ukut/lc/2024/151</a> |
| Public note | Available from the National Caselaw archives |
| 942 ## - ADDED ENTRY ELEMENTS (KOHA) | |
| Suppress in OPAC | 0 |
| Source of classification or shelving scheme | Dewey Decimal Classification |
| Withdrawn status | Lost status | Damaged status | Not for loan | Home library | Current library | Shelving location | Date acquired | Total Checkouts | Full call number | Date last seen | Price effective from | Koha item type |
|---|---|---|---|---|---|---|---|---|---|---|---|---|
| Virtual | Virtual | Online | 07/06/2024 | ONLINE JUDGMENT | 07/06/2024 | 07/06/2024 | Law report |